Biggest Cities in a Ring of the United States on a Map - Statistics

General Stats
  • This quiz has been taken 371 times
  • The average score is 8 of 10
Answers on the Map
Answers color-coded by a green-red scale on the quiz's map according to % correct below.
 
Answer Stats
Population City % Correct
2,693,976 Chicago
100%
506,811 Atlanta
93%
381,009 Cleveland
91%
898,553 Columbus
88%
590,157 Milwaukee
85%
495,327 Kansas City
81%
885,708 Charlotte
79%
259,680 Madison
72%
272,779 Toledo
69%
296,710 Greensboro
42%
No matching quizzes found
Score Distribution
Percent of People with Each Score
Percentile by Number Answered
Your Score History
You have not taken this quiz